|
|
|
|
| LEADER |
00000nta a2200000 i 4500 |
| 001 |
dolg3705 |
| 005 |
20151001101356.0 |
| 008 |
151001suuuu hu o 000 hun d |
| 040 |
|
|
|a BGE Dolgozattár Repozitórium
|b hun
|
| 041 |
|
|
|a hu
|
| 100 |
1 |
|
|a Rékasi Róbert
|
| 245 |
1 |
0 |
|a Egy öntészeti társaság privatizációs értékeinek elemzése
|c Rékasi Róbert
|h [elektronikus dokumentum]
|
| 246 |
1 |
1 |
|a Egy öntészeti társaság privatizációs értékeinek elemzése
|
| 246 |
1 |
1 |
|a Privatization value analysis of a foundry
|
| 516 |
|
|
|a Students_Scientific_Association_paper
|
| 695 |
|
|
|a privatizáció
|
| 695 |
|
|
|a vállalatértékelés - üzletértékelés
|
| 856 |
4 |
0 |
|u http://dolgozattar.uni-bge.hu/3705/1/Rekasi_Robert%20dolgozat.pdf
|z Dokumentum-elérés
|